000 00674nam a2200193 a 4500
001 000009173
005 20200929161516.0
008 090928s1944 dr r 000 p spa d
040 _aDO-SdBNP
_bspa
_cBNPHU
082 _aRD861.409
_bA388p
100 1 _aAlfonseca, Ivan
_923845
245 1 0 _aPuntos de vista /
_cIvan Alfonseca.
260 _aCiudad Trujillo, República Dominicana :
_bArte y cine,
_c1944.
300 _a83 p. :
_bil. ;
_c18 cm.
500 _aIncluye referencias bibliográficas y notas al píe de las páginas.
590 _aInventariado, 2019/BT
650 4 _aPoesía dominicana
_xHistoria y crítica
_913072
910 _aValidado. Control de calidad. MMOLINA
999 _c8937
_d8937